An exploratory study of the economic understanding of Upper Sixth Form students in Negeri Sembilan /
Saved in:
| 主要作者: | |
|---|---|
| 格式: | Thesis 图书 |
| 语言: | English |
| 出版: |
1979.
|
| 主题: | |
| 标签: |
添加标签
没有标签, 成为第一个标记此记录!
|
| LEADER | 01152cam a2200289 a 4500 | ||
|---|---|---|---|
| 001 | u145652 | ||
| 003 | SIRSI | ||
| 008 | 920310s1979 my t 00 1 eng m | ||
| 035 | |a AAQ-9783 | ||
| 040 | |a UMM | ||
| 090 | |a LB1643 |b Azam | ||
| 091 | |a Microfiche 7219 | ||
| 100 | 1 | 0 | |a Azali Mahbar. |
| 245 | 1 | 3 | |a An exploratory study of the economic understanding of Upper Sixth Form students in Negeri Sembilan / |c Azali Mahbar. |
| 260 | |c 1979. | ||
| 300 | |a ix, 155 leaves : |c 29 cm. | ||
| 500 | |a Mimeographed. | ||
| 500 | |a Microfiche (negative) 3 fiche. 11 x 15 cm. | ||
| 502 | |a Dissertation (M.Ed.) -- Fakulti Pendidikan, Universiti Malaya, 1979. | ||
| 504 | |a Bibliography: leaves [109]-112. | ||
| 650 | 0 | |a Economics |x Study and teaching (Secondary) |z Malaysia. | |
| 650 | 0 | |a Education |z Negri Sembilan. | |
| 710 | 2 | 0 | |a Universiti Malaya. |b Fakulti Pendidikan. |
| 948 | |a 10/03/1992 |b 29/07/2002 | ||
| 596 | |a 1 8 | ||
| 999 | |a LB1643 AZAM |w LC |c 1 |i A002700483 |d 15/9/2016 |e 15/9/2016 |l STACKS |m P01UTAMA |n 8 |r Y |s Y |t TESIS |u 18/3/1992 | ||
| 999 | |a LB1643 AZAM |w LC |c 1 |i A506697329 |l MISSING |m P08PENDIDI |r Y |s Y |t TESIS |u 1/10/1997 |o .CIRCNOTE. Update missing 12/21/2020 done check | ||
